Littérature commençant par la lettre S - Statistiques

Statistiques générales
  • Ce quiz a été pris 1 646 fois
  • Le résultat moyen est 11 sur 20
Statistiques - réponses
Indices Réponses % Correct
Cette dernière en raconte les Malheurs Sophie
89%
Héros de comics qui tisse sa toile Spider-Man
86%
Gargamel rêve de les capturer Schtroumpfs
83%
Philosophe grec maître de Platon et Xénophon Socrate
83%
Ami de Fantasio Spirou
80%
Elle eut des liaisons avec Musset et Chopin Georges Sand
77%
Prix Nobel de Littérature de 1964 qui a passé sa vie avec Simone de Beauvoir Jean-Paul Sartre
75%
Il s’appelait Henri Beyle Stendhal
62%
Auteur des Raisins de la colère John Steinbeck
60%
Avec Goscinny pour le Petit Nicolas Jean-Jacques Sempé
59%
Dr Jekyll et M. Hyde, L'île au trésor, ... Robert Louis Stevenson
59%
Grand dramaturge grec auteur de Œdipe roi Sophocle
57%
Déesse grecque de la Lune Séléné
44%
Auteur du livre français le plus vendu Antoine de Saint-Exupéry
41%
Femme de lettres française d'origine russe du XIXème siècle Comtesse de Ségur
40%
Autobiographie d'Amélie Nothomb où elle raconte sa vie dans une entreprise japonaise Stupeur et tremblements
29%
Pays imaginaire créé par Hergé dont la capitale est Klow Syldavie
29%
Pseudonyme de Daniel Handler, auteur des Désastreuses aventures des orphelins Baudelaire Lemony Snicket
12%
Dramaturge franco-belge auteur de La Nuit de Valognes Éric-Emmanuel Schmitt
6%
Poète et écrivain franco-uruguayen, il est l'auteur du recueil L'Enfant de la haute mer Jules Supervielle
6%
Aucun quiz correspondant
Distribution des résultats
% des personnes avec chaque résultat
Percentile par nombre de réponses
Votre historique - résultats
Vous n’avez pas pris ce quiz